[Event "Niederrhein-ch"]
[Site "Solingen"]
[Date "2019.04.18"]
[Round "7.2"]
[White "Liedmann, Dennis"]
[Black "Ophuels, Jan"]
[Result "1/2-1/2"]
[WhiteElo "2155"]
[BlackElo "1991"]
[PlyCount "45"]
[EventDate "2019.04.12"]
[EventType "swiss"]
[EventRounds "7"]
[EventCountry "GER"]
[SourceTitle "EXT 2022"]
[Source "ChessBase"]
[SourceDate "2021.10.06"]
[SourceVersion "1"]
[SourceVersionDate "2021.10.06"]
[SourceQuality "1"]

1. d4 Nf6 2. Nf3 g6 3. Bf4 Bg7 4. e3 0-0 5. Be2 d6 6. h3 c5 7. 0-0 cxd4 8. exd4 Qb6 9. Na3 a6 10. Nc4 Qc7 11. a4 Be6 12. Ne3 Nd5 13. Bg3 Nd7 14. Ng5 Nxe3 15. Nxe6 Qxc2 16. Qxc2 Nxc2 17. Nxf8 Kxf8 18. Rac1 Nxd4 19. Bd1 Nc5 20. a5 Nc6 21. Rb1 Ne4 22. Bf4 Nxa5 23. Re1 1/2-1/2

[Event "Oberliga NRW 1819"]
[Site "Germany"]
[Date "2019.01.13"]
[Round "5.3"]
[White "Xu, Xianliang"]
[Black "Liedmann, Dennis"]
[Result "1/2-1/2"]
[WhiteElo "2432"]
[BlackElo "2122"]
[PlyCount "133"]
[EventDate "2018.09.16"]
[EventType "team-tourn"]
[EventRounds "9"]
[EventCountry "GER"]
[SourceTitle "EXT 2020"]
[Source "ChessBase"]
[SourceDate "2019.10.17"]
[SourceVersion "1"]
[SourceVersionDate "2019.10.17"]
[SourceQuality "1"]
[WhiteTeam "Koeln Porz"]
[BlackTeam "Gerresheim"]
[WhiteTeamCountry "GER"]
[BlackTeamCountry "GER"]

1. e4 d5 2. exd5 Nf6 3. d4 Bg4 4. f3 Bf5 5. Bb5+ Nbd7 6. c4 a6 7. Bxd7+ Qxd7 8. Ne2 b5 9. b3 bxc4 10. bxc4 e6 11. dxe6 Qxe6 12. Qa4+ Qd7 13. Qxd7+ Kxd7 14. c5 Nd5 15. Nbc3 Nb4 16. 0-0 Rb8 17. a3 Nd3 18. Rd1 Nxc1 19. Raxc1 Rb3 20. Ng3 Bg6 21. Nge4 Rxa3 22. Nd5 c6 23. Nb6+ Kc7 24. Ra1 Rxa1 25. Rxa1 Be7 26. Rxa6 Kb7 27. Ra4 f5 28. Ng3 f4 29. Ne4 Bf7 30. Nd7 Rd8 31. Ne5 Bd5 32. Kf2 Re8 33. Nd3 Bf8 34. Nc3 Bxf3 35. gxf3 Re3 36. Rb4+ Kc8 37. Nxf4 Rxc3 38. Ne6 Be7 39. Kg3 g6 40. Rb6 Kd7 41. Nf4 Bd8 42. Rb7+ Bc7 43. Kg4 Rc4 44. Ne6 Kxe6 45. Rxc7 Rxd4+ 46. f4 Kd5 47. Rxh7 Kxc5 48. Rg7 Rd2 49. Rxg6 Rg2+ 50. Kf5 Rxh2 51. Ke6 Kd4 52. f5 Re2+ 53. Kd6 Re4 54. f6 Rf4 55. Ke7 Re4+ 56. Kf8 c5 57. f7 c4 58. Rd6+ Ke3 59. Kg7 Re7 60. Re6+ Rxe6 61. f8Q c3 62. Qc5+ Kd2 63. Qd4+ Kc2 64. Kf7 Rc6 65. Ke7 Kb3 66. Qd5+ Rc4 67. Qb5+ 1/2-1/2

[Event "Oberliga NRW 1819"]
[Site "Germany"]
[Date "2018.12.09"]
[Round "4.3"]
[White "Liedmann, Dennis"]
[Black "Hendriks, Willy"]
[Result "0-1"]
[WhiteElo "2122"]
[BlackElo "2405"]
[PlyCount "74"]
[EventDate "2018.09.16"]
[EventType "team-tourn"]
[EventRounds "9"]
[EventCountry "GER"]
[SourceTitle "EXT 2020"]
[Source "ChessBase"]
[SourceDate "2019.10.17"]
[SourceVersion "1"]
[SourceVersionDate "2019.10.17"]
[SourceQuality "1"]
[WhiteTeam "Gerresheim"]
[BlackTeam "Bochum SG"]
[WhiteTeamCountry "GER"]
[BlackTeamCountry "GER"]

1. d4 g6 2. Nf3 Bg7 3. Bf4 d6 4. e3 Nd7 5. h3 e5 6. Bh2 Qe7 7. Be2 Nh6 8. 0-0 0-0 9. c4 f5 10. Nc3 c6 11. Rc1 Nf7 12. b4 a6 13. a4 g5 14. Re1 h5 15. dxe5 dxe5 16. Qb3 a5 17. bxa5 Rxa5 18. Nd2 g4 19. hxg4 hxg4 20. c5 Kh8 21. Qb4 Ra8 22. Nb3 Nf6 23. Na5 Nh5 24. Nc4 Qg5 25. Nb6 Rb8 26. Bc4 Nh6 27. Qa5 g3 28. fxg3 Ng4 29. Qa7 Nxh2 30. Kxh2 Qxg3+ 31. Kh1 e4 32. Ne2 Qh4+ 33. Kg1 Be5 34. Nxc8 Bh2+ 35. Kf1 f4 36. exf4 Rxf4+ 37. Nxf4 Ng3+ 0-1

[Event "Niederrhein-ch"]
[Site "Solingen"]
[Date "2018.03.28"]
[Round "6.1"]
[White "Liedmann, Dennis"]
[Black "Kesseler, Heiko"]
[Result "1-0"]
[WhiteElo "2005"]
[BlackElo "2017"]
[PlyCount "101"]
[EventDate "2018.03.23"]
[EventType "swiss"]
[EventRounds "7"]
[EventCountry "GER"]
[SourceTitle "EXT 2022"]
[Source "ChessBase"]
[SourceDate "2021.10.06"]
[SourceVersion "1"]
[SourceVersionDate "2021.10.06"]
[SourceQuality "1"]

1. d4 Nf6 2. Nf3 e6 3. e3 b6 4. Bd3 Bb7 5. 0-0 Be7 6. Qe2 d5 7. c4 0-0 8. cxd5 exd5 9. b3 a5 10. Nc3 Ne4 11. Qc2 Nxc3 12. Qxc3 Ba6 13. Bb2 Bd6 14. Rfc1 Bxd3 15. Qxd3 Re8 16. h3 Nd7 17. Rc6 Re6 18. Rac1 Qe8 19. a3 Nf8 20. R6c2 Qd7 21. Ne5 Qe8 22. Qf5 Rd8 23. Nc6 Rf6 24. Qh5 Rh6 25. Qg4 Ne6 26. Qf5 Rf6 27. Qd3 Ra8 28. Qb5 Ng5 29. Qxd5 Rg6 30. Kf1 h6 31. h4 Ne4 32. Ne5 Nf6 33. Qf3 Bxe5 34. dxe5 Ng4 35. Kg1 c5 36. b4 axb4 37. axb4 Rb8 38. bxc5 bxc5 39. Rxc5 Kh7 40. Bd4 Qd7 41. h5 Rg5 42. Qe4+ Kh8 43. f3 f5 44. Qc2 Qf7 45. Rc8+ Rxc8 46. Qxc8+ Kh7 47. e6 Qxh5 48. fxg4 Qxg4 49. Qb7 f4 50. Qe4+ Rg6 51. e7 1-0

[Event "Oberliga NRW 1718"]
[Site "Germany"]
[Date "2018.02.18"]
[Round "6.7"]
[White "Liedmann, Dennis"]
[Black "Thiemonds, Uli"]
[Result "1/2-1/2"]
[WhiteElo "2005"]
[BlackElo "2045"]
[PlyCount "100"]
[EventDate "2017.09.17"]
[EventType "team-tourn"]
[EventRounds "9"]
[EventCountry "GER"]
[SourceTitle "EXT 2019"]
[Source "ChessBase"]
[SourceDate "2018.10.10"]
[SourceVersion "1"]
[SourceVersionDate "2018.10.10"]
[SourceQuality "1"]
[WhiteTeam "Gerresheim"]
[BlackTeam "Koeln Porz II"]
[WhiteTeamCountry "GER"]
[BlackTeamCountry "GER"]

1. d4 e6 2. Nf3 f5 3. c4 d5 4. cxd5 exd5 5. Bf4 Nf6 6. Nc3 c6 7. e3 Bd6 8. g3 Bxf4 9. gxf4 Ne4 10. Qb3 0-0 11. Bd3 Kh8 12. h4 Nd7 13. h5 Ndf6 14. Ne5 Qb6 15. h6 g6 16. Qa3 Qd8 17. Na4 Be6 18. f3 Nd6 19. Nc5 Bg8 20. Ncd7 Nxd7 21. Qxd6 Nxe5 22. Qxe5+ Qf6 23. Rc1 Rae8 24. Qxf6+ Rxf6 25. Kf2 Be6 26. a4 Bd7 27. b4 a6 28. b5 axb5 29. axb5 Ra8 30. Ra1 Rff8 31. b6 Kg8 32. Rhb1 Rxa1 33. Rxa1 Kf7 34. Ra7 Rb8 35. Ba6 Bc8 36. Kg3 Kf6 37. Bd3 Be6 38. Bc2 Bc8 39. Kh4 Be6 40. Bb3 Bd7 41. Bd1 Be6 42. Bc2 Bc8 43. Kg3 Be6 44. Ra5 Rg8 45. Bb3 Rd8 46. Kh4 Bd7 47. Ba4 Re8 48. Ra7 Rb8 49. Bc2 Be6 50. Bd3 Bd7 1/2-1/2

[Event "Niederrhein-ch"]
[Site "Kamp Lintfort"]
[Date "2017.04.10"]
[Round "3"]
[White "Biessner, Eberhard"]
[Black "Liedmann, Dennis"]
[Result "1-0"]
[WhiteElo "1811"]
[BlackElo "2117"]
[PlyCount "43"]
[EventDate "2017.04.08"]
[EventType "swiss"]
[EventRounds "7"]
[EventCountry "GER"]
[SourceTitle "EXT 2022"]
[Source "ChessBase"]
[SourceDate "2021.10.06"]
[SourceVersion "1"]
[SourceVersionDate "2021.10.06"]
[SourceQuality "1"]

1. e4 d5 2. exd5 Nf6 3. d4 Bg4 4. Be2 Bxe2 5. Nxe2 Qxd5 6. 0-0 Nc6 7. Nbc3 Qf5 8. Be3 0-0-0 9. Ng3 Qg6 10. Nce2 e5 11. c3 h5 12. Qb1 h4 13. Qxg6 fxg6 14. Nh1 h3 15. f3 exd4 16. Nxd4 Nd5 17. Nxc6 Nxe3 18. Nxd8 hxg2 19. Rfe1 Nc2 20. Nf7 gxh1Q+ 21. Kxh1 Rh5 22. Rad1 1-0

[Event "NRW Class2 1617"]
[Site "Germany"]
[Date "2017.01.22"]
[Round "5.7"]
[White "Borrink, Joern"]
[Black "Liedmann, Dennis"]
[Result "0-1"]
[WhiteElo "2134"]
[BlackElo "2111"]
[PlyCount "76"]
[EventDate "2016.09.25"]
[EventType "team-tourn"]
[EventRounds "9"]
[EventCountry "GER"]
[SourceTitle "EXT 2023"]
[Source "ChessBase"]
[SourceDate "2022.10.05"]
[SourceVersion "1"]
[SourceVersionDate "2022.10.05"]
[SourceQuality "1"]
[WhiteTeam "Muenster SK II"]
[BlackTeam "Gerresheim"]
[WhiteTeamCountry "GER"]
[BlackTeamCountry "GER"]

1. e4 d5 2. exd5 Nf6 3. d4 Bg4 4. f3 Bf5 5. Bb5+ Nbd7 6. Nc3 a6 7. Bd3 Bg6 8. d6 cxd6 9. Nge2 e5 10. Be3 Qa5 11. 0-0 Rd8 12. a3 Qb6 13. Qd2 d5 14. Bxg6 hxg6 15. Rae1 e4 16. Nf4 Bd6 17. g3 Bxf4 18. Bxf4 0-0 19. b4 Rfe8 20. Re3 Nf8 21. Na4 Qc6 22. Nc5 b6 23. Nxa6 exf3 24. Rfxf3 Ne4 25. Qd3 g5 26. Bc7 Rd7 27. b5 Qh6 28. c4 dxc4 29. Qxc4 Nd2 30. Qc6 Nxf3+ 31. Rxf3 Re1+ 32. Kf2 Rde7 33. Be5 R1xe5 34. dxe5 Qxh2+ 35. Kf1 Qh1+ 36. Kf2 Rxe5 37. Qxb6 Qh2+ 38. Kf1 Qe2+ 0-1

[Event "Niederrhein-ch"]
[Site "Solingen"]
[Date "2016.03.23"]
[Round "5"]
[White "Liedmann, Dennis"]
[Black "Busse, Helmut"]
[Result "0-1"]
[WhiteElo "2040"]
[BlackElo "2120"]
[PlyCount "108"]
[EventDate "2016.03.19"]
[EventType "swiss"]
[EventRounds "7"]
[EventCountry "GER"]
[SourceTitle "EXT 2018"]
[Source "ChessBase"]
[SourceDate "2017.10.13"]
[SourceVersion "1"]
[SourceVersionDate "2017.10.13"]
[SourceQuality "1"]

1. d4 d5 2. Nf3 Nf6 3. e3 c5 4. c3 e6 5. Bd3 Nc6 6. Nbd2 Bd6 7. 0-0 0-0 8. Qe2 e5 9. dxc5 Bxc5 10. b4 Be7 11. e4 d4 12. b5 dxc3 13. bxc6 cxd2 14. cxb7 Bxb7 15. Bxd2 Bd6 16. Rfd1 Qe7 17. Bg5 h6 18. Bh4 Rfd8 19. Rab1 Rab8 20. Qe3 a6 21. Bc4 Kh7 22. Nd2 g5 23. Bg3 Bc5 24. Qf3 Rxd2 25. Rxd2 Bxe4 26. Rxb8 Bxf3 27. gxf3 Kg7 28. Bxa6 Qa7 29. Rb5 Bd4 30. Bb7 Nd7 31. Bd5 Nc5 32. Rc2 Qa3 33. Bxe5+ Bxe5 34. Rbxc5 Qb4 35. Be4 Qb8 36. Rc8 Bxh2+ 37. Kg2 Qe5 38. R2c5 Qd6 39. R8c6 Qb8 40. a4 Bf4 41. Rb5 Qd8 42. Rf5 h5 43. a5 h4 44. a6 Qd1 45. Rxf4 gxf4 46. Kh3 f5 47. Kxh4 Qd8+ 48. Kh5 fxe4 49. Rg6+ Kf7 50. fxe4 Qd1+ 51. Rg4 Kf6 52. a7 Qh1+ 53. Rh4 Qxe4 54. Rh2 Qf3+ 0-1

[Event "Niederrhein-ch"]
[Site "Solingen"]
[Date "2016.03.22"]
[Round "4"]
[White "Liedmann, Dennis"]
[Black "Heinert, Eugen"]
[Result "0-1"]
[WhiteElo "2040"]
[BlackElo "2112"]
[PlyCount "90"]
[EventDate "2016.03.19"]
[EventType "swiss"]
[EventRounds "7"]
[EventCountry "GER"]
[SourceTitle "EXT 2018"]
[Source "ChessBase"]
[SourceDate "2017.10.13"]
[SourceVersion "1"]
[SourceVersionDate "2017.10.13"]
[SourceQuality "1"]

1. Nf3 d5 2. b3 Nf6 3. Bb2 Bg4 4. Ne5 Bf5 5. e3 Nbd7 6. g4 Be4 7. f3 Bg6 8. Nxg6 hxg6 9. g5 Nh5 10. f4 e5 11. Qg4 exf4 12. Bd3 Bd6 13. 0-0 Ne5 14. Bxe5 Bxe5 15. Bb5+ c6 16. d4 Bc7 17. Bd3 fxe3 18. Nc3 Qd6 19. Qh3 Qe7 20. Qg4 Bxh2+ 21. Kg2 Nf4+ 22. Rxf4 Bxf4 23. Qxf4 Rh5 24. Rh1 Qxg5+ 25. Qxg5 Rxg5+ 26. Kf3 Rh5 27. Rg1 Rh3+ 28. Kg4 Rh5 29. Rg3 f5+ 30. Kf3 Kf7 31. Ne2 Kf6 32. Nf4 Rh6 33. Nh3 Rah8 34. Bf1 Rh4 35. c3 g5 36. Nxg5 R8h5 37. Nh3 g5 38. Ke2 f4 39. Rf3 Kg7 40. Bg2 g4 41. Nxf4 gxf3+ 42. Bxf3 Rf5 43. Ng2 Rh3 44. Ne1 Rf6 45. a4 Rh2+ 0-1

[Event "Niederrhein-ch"]
[Site "Solingen"]
[Date "2016.03.21"]
[Round "3"]
[White "Goerke, Joachim"]
[Black "Liedmann, Dennis"]
[Result "1/2-1/2"]
[WhiteElo "1991"]
[BlackElo "2040"]
[PlyCount "96"]
[EventDate "2016.03.19"]
[EventType "swiss"]
[EventRounds "7"]
[EventCountry "GER"]
[SourceTitle "EXT 2018"]
[Source "ChessBase"]
[SourceDate "2017.10.13"]
[SourceVersion "1"]
[SourceVersionDate "2017.10.13"]
[SourceQuality "1"]

1. Nf3 g6 2. g3 Bg7 3. Bg2 c5 4. c4 Nc6 5. Nc3 e6 6. e4 Nge7 7. 0-0 0-0 8. Rb1 b6 9. a3 d5 10. cxd5 exd5 11. exd5 Nxd5 12. Nxd5 Qxd5 13. Ne5 Qxe5 14. Bxc6 Bf5 15. d3 Rad8 16. Bf4 Qe6 17. Qa4 Rd4 18. b4 Bxd3 19. Rfe1 Qf5 20. Rbc1 a5 21. Bc7 axb4 22. Bxb6 bxa3 23. Qxa3 c4 24. Qxf8+ Bxf8 25. Bxd4 Qc8 26. Bg2 Bb4 27. Bc3 Bxc3 28. Rxc3 Qc5 29. Rec1 Qd4 30. h4 f5 31. Bf1 f4 32. Rxc4 Bxc4 33. Rxc4 Qa1 34. Rxf4 Kg7 35. Kg2 Qa8+ 36. Kg1 h6 37. Bg2 Qa1+ 38. Kh2 g5 39. hxg5 hxg5 40. Rf3 Qd1 41. Bh1 Qc2 42. Bg2 Kg6 43. Bh1 Kh5 44. Rf6 Qb2 45. Bf3+ g4 46. Rf5+ Kg6 47. Bxg4 Qd4 48. Rf4 Qd5 1/2-1/2

[Event "Niederrhein-ch"]
[Site "Solingen"]
[Date "2016.03.20"]
[Round "2"]
[White "Liedmann, Dennis"]
[Black "Ries, Benjamin"]
[Result "1-0"]
[WhiteElo "2040"]
[BlackElo "2164"]
[PlyCount "77"]
[EventDate "2016.03.19"]
[EventType "swiss"]
[EventRounds "7"]
[EventCountry "GER"]
[SourceTitle "EXT 2018"]
[Source "ChessBase"]
[SourceDate "2017.10.13"]
[SourceVersion "1"]
[SourceVersionDate "2017.10.13"]
[SourceQuality "1"]

1. d4 d5 2. Nf3 Nf6 3. e3 Bf5 4. c4 c6 5. Nc3 a6 6. b4 dxc4 7. Bxc4 e6 8. a3 Nbd7 9. Bb2 Bd6 10. Qe2 Bg6 11. e4 e5 12. 0-0-0 Qe7 13. dxe5 Nxe5 14. Rxd6 Qxd6 15. Rd1 Qc7 16. Nxe5 Qxe5 17. Nd5 Qxh2 18. Bxf6 gxf6 19. Nxf6+ Ke7 20. Rd7+ Kf8 21. Qe3 Qh4 22. Qd4 Qg5+ 23. Kb2 h5 24. Rxb7 Qxg2 25. Ng4 Rh7 26. Qd6+ Kg7 27. Qf6+ Kf8 28. Ne5 Re8 29. Bxf7 Bxf7 30. Rxf7+ Kg8 31. Ng6 Qxf2+ 32. Qxf2 Rxf7 33. Qd4 Rg7 34. Qf6 Rxe4 35. Qd8+ Kf7 36. Nh8+ Ke6 37. Qe8+ Kd5 38. Qxh5+ Ke6 39. Qh6+ 1-0

[Event "Cologne Longerich op-A 12th"]
[Site "Cologne"]
[Date "2015.07.31"]
[Round "1"]
[White "Suvorov, Alexander David"]
[Black "Liedmann, Dennis"]
[Result "1-0"]
[WhiteElo "1940"]
[BlackElo "2085"]
[PlyCount "77"]
[EventDate "2015.07.31"]
[EventType "tourn"]
[EventRounds "5"]
[EventCountry "GER"]
[SourceTitle "EXT 2017"]
[Source "ChessBase"]
[SourceDate "2016.10.25"]
[SourceVersion "1"]
[SourceVersionDate "2016.10.25"]
[SourceQuality "1"]

1. d4 g6 2. c4 d6 3. g3 c6 4. Bg2 Bg7 5. Nc3 Nd7 6. Nf3 Ngf6 7. 0-0 a5 8. e4 Qc7 9. h3 0-0 10. Be3 e5 11. Qc2 Re8 12. Rad1 Bf8 13. Rfe1 Nh5 14. Kh2 Ng7 15. b3 Ne6 16. Re2 h5 17. d5 Nec5 18. Ne1 h4 19. Nd3 hxg3+ 20. fxg3 f5 21. Rf2 Nf6 22. Nxc5 dxc5 23. dxc6 bxc6 24. Na4 Qh7 25. Kg1 Nh5 26. Bxc5 Bxc5 27. Nxc5 Nxg3 28. exf5 Nxf5 29. Qe4 Nd4 30. Qe3 Bf5 31. Rdf1 Qe7 32. Nd3 a4 33. b4 Rad8 34. Nc5 Kg7 35. a3 Qh4 36. Nb7 Rd7 37. Nc5 Rf7 38. Kh2 Qd8 39. Ne4 1-0

[Event "Maastricht Limburg op-A 9th"]
[Site "Maastricht"]
[Date "2015.05.23"]
[Round "3"]
[White "Henrichs, Thomas"]
[Black "Liedmann, Dennis"]
[Result "1-0"]
[WhiteElo "2471"]
[BlackElo "2157"]
[PlyCount "67"]
[EventDate "2015.05.22"]
[EventType "swiss"]
[EventRounds "7"]
[EventCountry "NED"]
[SourceTitle "CBM 166 Extra"]
[Source "ChessBase"]
[SourceDate "2015.06.18"]
[SourceVersion "1"]
[SourceVersionDate "2015.06.18"]
[SourceQuality "1"]

1. d4 d6 2. e4 g6 3. c4 e5 4. Nf3 Bg7 5. Nc3 c6 6. Be2 Nd7 7. 0-0 Ngf6 8. Be3 0-0 9. d5 c5 10. Ne1 h6 11. a3 Ne8 12. g4 f5 13. gxf5 gxf5 14. exf5 Rxf5 15. Kh1 Nf8 16. Rg1 Kh7 17. Bd3 Nf6 18. Qf3 e4 19. Qg2 Rg5 20. Bxg5 exd3 21. Bf4 Nh5 22. Nxd3 Bf5 23. Qf3 Bxc3 24. Be5 Qd7 25. Bxc3 Ng6 26. Rae1 b5 27. Re6 Qf7 28. Rf6 Nxf6 29. Qxf5 Rf8 30. Nf4 Nxd5 31. Qxf7+ Rxf7 32. Nxd5 bxc4 33. Nf6+ Kg7 34. f4 1-0

[Event "Maastricht Limburg op-A 9th"]
[Site "Maastricht"]
[Date "2015.05.23"]
[Round "2"]
[White "Liedmann, Dennis"]
[Black "Van den Ouden, Lendert"]
[Result "1-0"]
[WhiteElo "2157"]
[BlackElo "2105"]
[PlyCount "145"]
[EventDate "2015.05.22"]
[EventType "swiss"]
[EventRounds "7"]
[EventCountry "NED"]
[SourceTitle "CBM 166 Extra"]
[Source "ChessBase"]
[SourceDate "2015.06.18"]
[SourceVersion "1"]
[SourceVersionDate "2015.06.18"]
[SourceQuality "1"]

1. d4 d5 2. Nf3 Nf6 3. e3 c5 4. b3 cxd4 5. exd4 g6 6. Nbd2 Bg7 7. Bb2 0-0 8. c4 Nc6 9. Bd3 b6 10. Qe2 Bb7 11. Rc1 Nh5 12. Qe3 dxc4 13. bxc4 Rc8 14. 0-0 Qd6 15. g3 Rfd8 16. Ne4 Qd7 17. Rfd1 Nxd4 18. Bxd4 Bxd4 19. Qg5 Bg7 20. c5 Bxe4 21. Bxe4 Qxd1+ 22. Rxd1 Rxd1+ 23. Kg2 Nf6 24. cxb6 axb6 25. Bb7 Rc7 26. Ba6 Nd5 27. Be2 Bf6 28. Qh6 Bg7 29. Qh4 Rdc1 30. Qa4 Rc8 31. Qd7 e6 32. Ng5 R1c7 33. Qd6 Bf8 34. Qe5 Bg7 35. Qd6 Rc5 36. Ba6 Rf8 37. Bb7 Ne3+ 38. fxe3 Rxg5 39. Qxb6 Bf6 40. Qb4 Rb8 41. a4 Kg7 42. Qb6 Bd8 43. Qd4+ Bf6 44. Qa7 Be5 45. a5 Bxg3 46. hxg3 Rxb7 47. Qxb7 Rxa5 48. Qb2+ Kg8 49. e4 Rg5 50. Qf6 h6 51. Kf3 Rb5 52. Kf4 Rg5 53. g4 Rb5 54. Ke3 h5 55. e5 Rb3+ 56. Kf4 hxg4 57. Kxg4 Rb1 58. Qf2 Rh1 59. Kf4 Rh5 60. Ke4 Rf5 61. Qh4 Kg7 62. Kd4 Kg8 63. Qg3 Kg7 64. Qh2 Kg8 65. Kc5 Kg7 66. Kd6 Rg5 67. Qf4 Rf5 68. Qh4 Rf1 69. Ke7 Rf5 70. Qh1 Rxe5 71. Qa1 f6 72. Qa8 Kh6 73. Qh8+ 1-0

[Event "Duisburg Grossenbaum op"]
[Site "Duisburg"]
[Date "2006.07.02"]
[Round "6"]
[White "Brinkmann, Benedikt"]
[Black "Liedmann, Dennis"]
[Result "0-1"]
[WhiteElo "1672"]
[BlackElo "1981"]
[PlyCount "44"]
[EventDate "2006.06.02"]
[EventType "swiss"]
[EventRounds "7"]
[EventCountry "GER"]
[SourceTitle "EXT 2007"]
[Source "ChessBase"]
[SourceDate "2006.11.23"]
[SourceVersion "1"]
[SourceVersionDate "2006.11.23"]
[SourceQuality "1"]

1. Nf3 g6 2. g3 Bg7 3. Bg2 d6 4. 0-0 e5 5. e4 Nc6 6. d3 Nge7 7. Nbd2 0-0 8. Re1 h6 9. Nf1 f5 10. Nh4 f4 11. gxf4 exf4 12. Nf3 g5 13. h3 Ng6 14. c3 Nce5 15. N1h2 Nxf3+ 16. Nxf3 h5 17. Nh2 g4 18. hxg4 hxg4 19. Nxg4 f3 20. Bxf3 Qh4 21. Be3 Qh3 22. Nh2 Be5 0-1

[Event "Duisburg Grossenbaum op"]
[Site "Duisburg"]
[Date "2006.06.03"]
[Round "2"]
[White "Proettel, Swen"]
[Black "Liedmann, Dennis"]
[Result "0-1"]
[WhiteElo "2176"]
[BlackElo "1981"]
[PlyCount "68"]
[EventDate "2006.06.02"]
[EventType "swiss"]
[EventRounds "7"]
[EventCountry "GER"]
[SourceTitle "EXT 2007"]
[Source "ChessBase"]
[SourceDate "2006.11.23"]
[SourceVersion "1"]
[SourceVersionDate "2006.11.23"]
[SourceQuality "1"]

1. e4 d5 2. exd5 Nf6 3. d4 Bg4 4. f3 Bf5 5. Bb5+ Nbd7 6. c4 a6 7. Bxd7+ Qxd7 8. Ne2 0-0-0 9. 0-0 e6 10. Nbc3 exd5 11. c5 h5 12. b4 h4 13. b5 axb5 14. Qb3 Bd3 15. Re1 b6 16. a4 Bc4 17. Qb2 b4 18. Qxb4 Qc6 19. Nb5 Qb7 20. Rb1 Re8 21. Kf2 Qa6 22. Be3 Nd7 23. Nec3 bxc5 24. Qb2 c6 25. Bf4 Rxe1 26. Rxe1 cxb5 27. Re8+ Kb7 28. Rd8 Nb6 29. axb5 Qa7 30. Qb1 cxd4 31. Qf5 dxc3 32. Qxf7+ Nd7+ 33. Be3 Qxe3+ 34. Kxe3 Bc5+ 0-1

[Event "SJNR-ch U18"]
[Site "Kranenburg"]
[Date "2005.01.05"]
[Round "5"]
[White "Liedmann, Dennis"]
[Black "Verbeet, Richard"]
[Result "1-0"]
[WhiteElo "1869"]
[BlackElo "1801"]
[PlyCount "83"]
[EventDate "2005.01.02"]
[EventType "swiss"]
[EventRounds "7"]
[EventCountry "GER"]
[SourceTitle "EXT 2007"]
[Source "ChessBase"]
[SourceDate "2006.11.23"]
[SourceVersion "1"]
[SourceVersionDate "2006.11.23"]
[SourceQuality "1"]

1. d4 Nf6 2. Nf3 d6 3. Bf4 g6 4. e3 Bg7 5. Be2 Bg4 6. h3 Bxf3 7. Bxf3 c6 8. 0-0 Nbd7 9. Bh2 0-0 10. c4 Ne8 11. Nc3 f5 12. d5 c5 13. Rc1 Be5 14. g3 Ng7 15. b3 g5 16. Bg2 Qa5 17. Qc2 f4 18. gxf4 gxf4 19. Bxf4 Bxf4 20. exf4 Rxf4 21. Ne2 Rf7 22. f4 Nf5 23. Qd3 Raf8 24. a4 Rg7 25. Kh2 Qd8 26. Be4 Nh4 27. Rg1 Rff7 28. Bxh7+ Kh8 29. Bg6 Rf6 30. Be4 Rgf7 31. Rg4 Rh6 32. Rcg1 Nf6 33. Qc3 Qe8 34. R1g3 Rf8 35. f5 Qd7 36. Nf4 Kh7 37. Rg7+ Kh8 38. Ne6 Re8 39. Bc2 Rh5 40. Rg8+ Rxg8 41. Rxg8+ Kxg8 42. Qg3+ 1-0

[Event "SJNR-ch U18"]
[Site "Kranenburg"]
[Date "2005.01.04"]
[Round "4"]
[White "Coenen, Michael"]
[Black "Liedmann, Dennis"]
[Result "1-0"]
[WhiteElo "1982"]
[BlackElo "1869"]
[PlyCount "57"]
[EventDate "2005.01.02"]
[EventType "swiss"]
[EventRounds "7"]
[EventCountry "GER"]
[SourceTitle "EXT 2007"]
[Source "ChessBase"]
[SourceDate "2006.11.23"]
[SourceVersion "1"]
[SourceVersionDate "2006.11.23"]
[SourceQuality "1"]

1. e4 d6 2. d4 g6 3. Nc3 Bg7 4. Be3 Nc6 5. f3 e5 6. Nge2 f5 7. Qd2 exd4 8. Nxd4 Nxd4 9. Bxd4 Bxd4 10. Qxd4 Qf6 11. 0-0-0 Qxd4 12. Rxd4 Ne7 13. Bb5+ Bd7 14. e5 Bxb5 15. Nxb5 dxe5 16. Nxc7+ Kf7 17. Ra4 Rac8 18. Nb5 Rhd8 19. Rxa7 b6 20. c3 h6 21. Rb7 Rc6 22. h4 h5 23. Kc2 Kf6 24. Rd1 Rxd1 25. Kxd1 f4 26. Ke2 Nf5 27. Na7 Rd6 28. Nc8 Ng3+ 29. Ke1 1-0

[Event "SJNR-ch U18"]
[Site "Kranenburg"]
[Date "2005.01.03"]
[Round "2"]
[White "Poetsch, Matthias"]
[Black "Liedmann, Dennis"]
[Result "0-1"]
[WhiteElo "1711"]
[BlackElo "1869"]
[PlyCount "76"]
[EventDate "2005.01.02"]
[EventType "swiss"]
[EventRounds "7"]
[EventCountry "GER"]
[SourceTitle "EXT 2007"]
[Source "ChessBase"]
[SourceDate "2006.11.23"]
[SourceVersion "1"]
[SourceVersionDate "2006.11.23"]
[SourceQuality "1"]

1. e3 d6 2. d4 g6 3. Nf3 Bg7 4. Bc4 Nf6 5. c3 0-0 6. Nbd2 Nc6 7. Qc2 e5 8. dxe5 dxe5 9. b3 Re8 10. Ng5 Nd5 11. Nxf7 Kxf7 12. e4 Be6 13. exd5 Bxd5 14. Qe4 Ne7 15. Bxd5+ Qxd5 16. 0-0 Rad8 17. Nf3 Kg8 18. Qxd5+ Nxd5 19. Bb2 e4 20. Nd4 Nxc3 21. Bxc3 Bxd4 22. Bxd4 Rxd4 23. Rfe1 Kf7 24. h3 c5 25. Rac1 b6 26. Kf1 Kf6 27. Rc3 Ke5 28. a4 Kd5 29. Rg3 Re5 30. Rg4 Rd3 31. Rb1 Kd4 32. f3 Kc3 33. Rxe4 Rxe4 34. fxe4 Re3 35. Rd1 Rxe4 36. Rd7 Kxb3 37. Rxa7 Rxa4 38. Rxh7 c4 0-1

[Event "GER-chT U16"]
[Site "Dittrichshuette"]
[Date "2004.12.27"]
[Round "2"]
[White "Liedmann, Dennis"]
[Black "Stiefel, Michael"]
[Result "1-0"]
[WhiteElo "1845"]
[BlackElo "1945"]
[PlyCount "53"]
[EventDate "2004.12.27"]
[EventType "team"]
[EventRounds "6"]
[EventCountry "GER"]
[SourceTitle "EXT 2006"]
[Source "ChessBase"]
[SourceDate "2005.11.24"]
[SourceVersion "1"]
[SourceVersionDate "2005.11.24"]
[SourceQuality "1"]

1. d4 d5 2. Nf3 Nf6 3. e3 c6 4. Bd3 Bg4 5. Nbd2 Nbd7 6. Be2 e6 7. b3 Bd6 8. Bb2 Qb8 9. c4 0-0 10. h3 Bh5 11. 0-0 e5 12. dxe5 Nxe5 13. Nd4 Bxe2 14. Qxe2 dxc4 15. Nxc4 Nxc4 16. Qxc4 Qc7 17. Rab1 Rac8 18. Nf5 Be7 19. Rfd1 Rfd8 20. Qh4 Rxd1+ 21. Rxd1 Rd8 22. Rxd8+ Bxd8 23. Qg5 Ne8 24. Qg4 Bf6 25. Ba3 a6 26. Nh6+ Kh8 27. Qe6 1-0

[Event "Duisburg Grossenbaum op"]
[Site "Duisburg"]
[Date "2004.05.29"]
[Round "2"]
[White "Liedmann, Dennis"]
[Black "Haverkamp, Katrin"]
[Result "1-0"]
[WhiteElo "1762"]
[BlackElo "1386"]
[PlyCount "67"]
[EventDate "2004.05.28"]
[EventType "swiss"]
[EventRounds "7"]
[EventCountry "GER"]
[SourceTitle "EXT 2006"]
[Source "ChessBase"]
[SourceDate "2005.11.24"]
[SourceVersion "1"]
[SourceVersionDate "2005.11.24"]
[SourceQuality "1"]

1. d4 d5 2. Nf3 Bf5 3. e3 Nf6 4. c4 e6 5. Qb3 b6 6. cxd5 Qxd5 7. Bc4 Qd6 8. Bd2 Be7 9. 0-0 0-0 10. Nc3 c5 11. Rfd1 Nbd7 12. Be1 Qc7 13. d5 exd5 14. Nxd5 Nxd5 15. Bxd5 Rad8 16. e4 Bg4 17. h3 Bxf3 18. Qxf3 Nf6 19. Bc3 Nxd5 20. Rxd5 Rxd5 21. exd5 Rd8 22. Re1 Qd6 23. Qe4 Rd7 24. b3 g6 25. Rd1 f5 26. Qe3 Bf8 27. Be5 Qe7 28. f4 Bg7 29. Qc3 g5 30. d6 Qd8 31. Qc4+ Kf8 32. Qe6 Rf7 33. d7 h6 34. Bc7 1-0